000 00613nam a2200229Ia 4500
003 OSt
005 20220928111512.0
006 a|||||r|||| 00| 0
007 ta
008 220927b |||||||| |||| 00| 0 eng d
024 _a51066
037 _cTextual
040 _aSDCL
_cSDCL
_beng
041 _2eng
_aeng
082 _aX725(Y):(Z2), P4
100 _aMittal J K
_9423953
245 0 _aLaw,practice and procedure of service tax.
260 _aNew Delhi
_bBharat Law House
_c2004
300 _a832p
_ccm.
942 _hX725(Y):(Z2), P4
_cTEXL
_2CC
999 _c740534
_d740534